[Event "Amber Rapidplay"]
[Site "Monaco MNC"]
[Date "2002.03.16"]
[Round "1"]
[White "Leko,P"]
[Black "Gelfand,B"]
[Result "0-1"]
[WhiteElo "2713"]
[BlackElo "2703"]
[EventDate "2002.03.16"]

1. e4 c5 2. Nf3 d6 3. d4 cxd4 4. Nxd4 Nf6 5. Nc3 a6 6. Be3 Ng4 7. Bg5 h6 8.
Bh4 g5 9. Bg3 Bg7 10. Be2 h5 11. Bxg4 hxg4 12. O-O Nc6 13. Nf5 Bxc3 14.
bxc3 Qa5 15. Ne3 Be6 16. Rb1 b5 17. Nd5 Rc8 18. c4 Ne5 19. cxb5 axb5 20.
Bxe5 dxe5 21. Qd3 b4 22. Rfd1 f6 23. Rxb4 Bxd5 24. Rb5 Qxa2 25. exd5 Kf7
26. d6 Qxc2 27. Qd5+ e6 28. Qb3 Qxb3 29. Rxb3 Rhd8 30. h3 gxh3 31. Rxh3 Rc6
32. Rhd3 e4 33. Rd4 f5 34. g4 Rd7 35. Kg2 Kf6 36. f3 Rc2+ 37. R1d2 Rxd2+
38. Rxd2 e3 39. Rd3 f4 0-1

[Event "Amber Rapidplay"]
[Site "Monaco MNC"]
[Date "2002.03.16"]
[Round "1"]
[White "Piket,Je"]
[Black "Shirov,A"]
[Result "1/2-1/2"]
[WhiteElo "2659"]
[BlackElo "2715"]
[EventDate "2002.03.16"]

1. d4 d5 2. c4 c6 3. Nf3 Nf6 4. e3 e6 5. Nc3 Nbd7 6. Bd3 dxc4 7. Bxc4 b5 8.
Bd3 Bb7 9. e4 b4 10. Na4 c5 11. e5 Nd5 12. O-O cxd4 13. Nxd4 Nxe5 14. Bb5+
Nd7 15. Qh5 N5f6 16. Nxe6 Nxh5 17. Nxd8 Rxd8 18. Re1+ Be7 19. Nc5 Bc8 20.
Bg5 Nhf6 21. Bxf6 gxf6 22. Rad1 Rg8 23. f4 Kf8 24. Nxd7+ Bxd7 25. Rxd7 Bc5+
26. Kf1 Rxd7 27. Bxd7 Kg7 28. Be8 h5 29. g3 h4 30. Kg2 hxg3 31. hxg3 Rh8
32. b3 Rh5 33. Rd1 Be7 34. Bc6 Rc5 35. Be4 Rc7 36. Rd5 Bc5 37. Kf3 Bb6 38.
Rb5 Bc5 39. Bd3 Be7 40. Bc4 Rd7 41. Ke4 Kf8 42. Kf5 Kg7 43. Ke4 Kf8 44.
Rb8+ Kg7 45. Rc8 Bd8 46. Kf5 Bb6 47. Rc6 Bd4 48. Ke4 Bb6 49. Kf5 Bd4
1/2-1/2

[Event "Amber Rapidplay"]
[Site "Monaco MNC"]
[Date "2002.03.17"]
[Round "2"]
[White "Ljubojevic,L"]
[Black "Piket,Je"]
[Result "1-0"]
[WhiteElo "2548"]
[BlackElo "2659"]
[EventDate "2002.03.16"]

1. c4 e5 2. Nc3 Nc6 3. Nf3 f5 4. d3 Nf6 5. g3 g6 6. Bg2 Bg7 7. O-O O-O 8.
Rb1 d6 9. b4 a6 10. a4 h6 11. b5 axb5 12. axb5 Ne7 13. Bb2 Be6 14. Ra1 g5
15. Rxa8 Qxa8 16. Qb3 Nd7 17. Ra1 Qe8 18. Nd2 Qf7 19. Qb4 f4 20. Rf1 b6 21.
Qa3 Nc5 22. Qa7 Nf5 23. Nd5 Kh8 24. Bc3 g4 25. Nb4 h5 26. Na6 Rc8 27. Nxc5
dxc5 28. Ne4 Qe7 29. Qb7 Rf8 30. Ra1 h4 31. Ra7 Rf7 32. Qc6 h3 33. Bh1 Nd4
34. Bxd4 cxd4 35. c5 fxg3 36. hxg3 Bf5 37. cxb6 Qb4 38. Qc1 h2+ 39. Kxh2
Qf8 40. Ng5 Rf6 41. Qxc7 Rh6+ 42. Kg1 1-0

[Event "Amber Rapidplay"]
[Site "Monaco MNC"]
[Date "2002.03.17"]
[Round "2"]
[White "Van Wely,L"]
[Black "Bareev,E"]
[Result "0-1"]
[WhiteElo "2697"]
[BlackElo "2707"]
[EventDate "2002.03.16"]

1. d4 d5 2. c4 c6 3. Nc3 Nf6 4. Nf3 dxc4 5. a4 Bf5 6. e3 e6 7. Bxc4 Bb4 8.
O-O Nbd7 9. Qe2 Bg6 10. e4 O-O 11. Bd3 h6 12. h3 a6 13. Rd1 Rc8 14. Bf4 Re8
15. e5 Nd5 16. Nxd5 cxd5 17. Bxg6 fxg6 18. Nh2 Qe7 19. Rd3 Rc4 20. b3 Rc6
21. Nf1 Rec8 22. Rad1 Qf7 23. Rf3 Rc2 24. Bd2 Qe8 25. Qd3 Bxd2 26. Rxd2 Rc1
27. Kh2 Nf8 28. Ng3 g5 29. Ne2 R1c7 30. g3 Ng6 31. Rb2 Ne7 32. Qd2 Qg6 33.
Rc3 Rxc3 34. Nxc3 g4 35. h4 Qf5 36. Kg1 Qf3 37. Ne2 Nf5 38. Rc2 Rf8 39. Qc3
Nxh4 40. Qxf3 Nxf3+ 41. Kf1 g5 42. a5 Kg7 43. b4 h5 44. b5 axb5 45. Rb2 Rf7
46. Rxb5 Kg6 47. Rb6 Kf5 48. Kg2 h4 49. gxh4 gxh4 50. Rb4 Rc7 51. Ng1 h3+
52. Nxh3 Ne1+ 0-1

[Event "Amber Rapidplay"]
[Site "Monaco MNC"]
[Date "2002.03.17"]
[Round "2"]
[White "Almasi,Z"]
[Black "Leko,P"]
[Result "1/2-1/2"]
[WhiteElo "2644"]
[BlackElo "2713"]
[EventDate "2002.03.16"]

1. e4 c5 2. Nf3 Nc6 3. d4 cxd4 4. Nxd4 Nf6 5. Nc3 e5 6. Ndb5 d6 7. Bg5 a6
8. Na3 b5 9. Bxf6 gxf6 10. Nd5 f5 11. Bd3 Be6 12. O-O Bxd5 13. exd5 Ne7 14.
c3 Bg7 15. Qh5 e4 16. Bc2 O-O 17. Rae1 Qc8 18. Bb1 Qc5 19. Kh1 Qxd5 20. f3
Qe5 21. fxe4 fxe4 22. Qxe5 dxe5 23. Bxe4 Rad8 24. Rd1 f5 25. Bb7 Rxd1 26.
Rxd1 Rf6 27. Nc2 Bf8 28. Ne3 Bh6 29. Nd5 Nxd5 30. Rxd5 Bc1 31. b3 Bb2 32.
Rxe5 Bxc3 33. Re7 Rd6 34. g3 Rd1+ 35. Kg2 Rd2+ 36. Kh3 Rxa2 37. Bd5+ Kh8
38. Rf7 Bd4 39. Rxf5 Rf2 40. Rg5 Rf8 41. Bb7 Rf6 42. Rd5 Bc3 43. Rc5 Bd4
44. Rc8+ Kg7 45. Ra8 Rh6+ 46. Kg2 Re6 47. Bxa6 Re2+ 48. Kh3 Ra2 49. Kg4
Rxh2 50. Bxb5 h5+ 51. Kf5 Rf2+ 52. Ke4 Bc5 53. Bc4 Bd6 54. Rd8 Rd2 55. Kf5
Rf2+ 56. Ke4 Rd2 57. Bd5 Be7 58. Rg8+ Kf6 59. Rh8 Kg6 60. Bc4 Rd8 61. Rxd8
Bxd8 62. b4 Kg5 63. Kf3 h4 64. g4 h3 65. Kg3 h2 66. Bd5 Bc7+ 67. Kh3 Bb6
68. b5 Bg1 69. Bh1 Kh6 1/2-1/2

[Event "Amber Rapidplay"]
[Site "Monaco MNC"]
[Date "2002.03.18"]
[Round "3"]
[White "Ljubojevic,L"]
[Black "Shirov,A"]
[Result "0-1"]
[WhiteElo "2548"]
[BlackElo "2715"]
[EventDate "2002.03.16"]

1. e4 c5 2. Nc3 Nc6 3. g3 e6 4. Bg2 Nf6 5. Nge2 Be7 6. O-O O-O 7. d4 cxd4
8. Nxd4 d6 9. h3 Qb6 10. Nb3 a6 11. a4 Qc7 12. a5 Nd7 13. Bd2 b5 14. axb6
Nxb6 15. Na4 Nc4 16. Bc3 a5 17. Nd2 Ba6 18. Re1 Nb4 19. Nxc4 Bxc4 20. Qd2
Rab8 21. Bd4 Rfc8 22. Rec1 Bb5 23. b3 h6 24. h4 Nc6 25. Bb2 Ne5 26. Nc3 Be8
27. Nd1 a4 28. Bxe5 dxe5 29. bxa4 Rd8 30. Qe2 Ra8 31. Nb2 Qc3 32. Nd1 Qc7
33. Nb2 Rdb8 34. c3 Rb3 35. Qc4 Qb7 36. Nd1 Ra5 37. Bf1 Bc6 38. Bd3 Rc5 39.
Qxb3 Qxb3 40. Rcb1 Rxc3 41. Rxb3 Rxb3 42. Bc2 Rb4 43. f3 Rd4 44. Kf1 Bb7
45. Rb1 Ba6+ 46. Kg1 Bc5 47. Kh1 Be2 0-1

[Event "Amber Rapidplay"]
[Site "Monaco MNC"]
[Date "2002.03.18"]
[Round "3"]
[White "Piket,Je"]
[Black "Van Wely,L"]
[Result "1-0"]
[WhiteElo "2659"]
[BlackElo "2697"]
[EventDate "2002.03.16"]

1. d4 d5 2. c4 c6 3. Nf3 Nf6 4. e3 Bf5 5. Nc3 e6 6. Nh4 Be4 7. f3 Bg6 8.
Qb3 Qc7 9. Bd2 Nbd7 10. g3 Be7 11. cxd5 exd5 12. O-O-O O-O 13. Nxg6 hxg6
14. Kb1 a5 15. Qc2 c5 16. g4 cxd4 17. exd4 Nb6 18. h4 Rac8 19. h5 g5 20.
Bxg5 Nxg4 21. Bc1 Nf6 22. Bd3 Kh8 23. Rdg1 Nc4 24. Qg2 Rg8 25. Bg6 Bf8 26.
h6 gxh6 27. Bxh6 Rxg6 28. Bf4+ Nh7 29. Bxc7 Rxg2 30. Rxg2 Rxc7 31. Rhg1 Nf6
32. Nxd5 Rc6 33. Rh1+ Nh7 34. Rgh2 Kg8 35. Rxh7 Nd2+ 36. Ka1 Nxf3 37. a3
Ng5 38. R7h5 Rg6 39. Nf4 1-0

[Event "Amber Rapidplay"]
[Site "Monaco MNC"]
[Date "2002.03.19"]
[Round "4"]
[White "Bareev,E"]
[Black "Piket,Je"]
[Result "1-0"]
[WhiteElo "2707"]
[BlackElo "2659"]
[EventDate "2002.03.16"]

1. c4 e5 2. g3 g6 3. d4 exd4 4. Qxd4 Nf6 5. Nc3 Bg7 6. Qe3+ Kf8 7. Bg2 Nc6
8. Nf3 d6 9. O-O Bf5 10. c5 d5 11. Rd1 Qd7 12. Qf4 Re8 13. Qa4 h6 14. Bd2
Ne4 15. Rac1 Nxc3 16. bxc3 Rxe2 17. Qb5 Re8 18. Qxb7 Bd3 19. Bf4 Be2 20.
Re1 Kg8 21. Qxc7 Qxc7 22. Bxc7 Kh7 23. Nd2 Bb5 24. Rxe8 Rxe8 25. Bxd5 Re2
26. Nf3 f5 27. Bd6 g5 28. Rb1 Ba4 29. Rb7 Kg6 30. Rc7 Nd8 31. Rxa7 Bc6 32.
Bxc6 Nxc6 33. Ra6 1-0

[Event "Amber Rapidplay"]
[Site "Monaco MNC"]
[Date "2002.03.19"]
[Round "4"]
[White "Van Wely,L"]
[Black "Shirov,A"]
[Result "0-1"]
[WhiteElo "2697"]
[BlackElo "2715"]
[EventDate "2002.03.16"]

1. c4 e6 2. d4 d5 3. Nc3 c6 4. e4 dxe4 5. Nxe4 Bb4+ 6. Bd2 Qxd4 7. Bxb4
Qxe4+ 8. Be2 Na6 9. Ba5 b6 10. Qd6 Bd7 11. Bc3 f6 12. O-O-O O-O-O 13. b3
Qxg2 14. Bf3 Qg5+ 15. Kb2 Qc5 16. Qg3 Ne7 17. Qxg7 Nf5 18. Qxf6 Rhf8 19.
Qg5 Qxf2+ 20. Rd2 Qe3 21. Qxe3 Nxe3 22. Rd3 Nf5 23. b4 e5 24. Be4 Nd4 25.
Nf3 Bf5 26. Nd2 c5 27. b5 Nb4 28. Bxb4 cxb4 29. Re1 Be6 30. Bxh7 Rh8 31.
Be4 Rxh2 32. Kb1 Nxb5 33. Bb7+ Kc7 34. Rxd8 Nc3+ 35. Kc2 Kxd8 36. Rxe5 Bxc4
37. a3 a5 38. axb4 axb4 39. Rg5 b5 40. Rg2 Rh3 41. Rg4 Na4 42. Rd4+ Kc7 43.
Bd5 b3+ 44. Kc1 Bxd5 45. Rxd5 Rh1+ 0-1

[Event "Amber Rapidplay"]
[Site "Monaco MNC"]
[Date "2002.03.22"]
[Round "6"]
[White "Bareev,E"]
[Black "Leko,P"]
[Result "0-1"]
[WhiteElo "2707"]
[BlackElo "2713"]
[EventDate "2002.03.16"]

1. c4 g6 2. g3 Bg7 3. Bg2 c5 4. e3 e6 5. d4 Ne7 6. d5 exd5 7. cxd5 d6 8.
Nc3 O-O 9. Nf3 a6 10. a4 Nd7 11. O-O Nf5 12. Qc2 Re8 13. Rd1 Ne5 14. Nxe5
Bxe5 15. Bd2 b6 16. Rab1 Bd7 17. b4 c4 18. b5 axb5 19. Nxb5 Bxb5 20. Rxb5
c3 21. Be1 Ra5 22. Rb4 Qa8 23. e4 Ne7 24. f4 Bg7 25. Bf2 b5 26. Rxb5 Rxa4
27. e5 Rc8 28. exd6 Ra2 29. Qc1 Nf5 30. d7 Rd8 31. d6 Qa6 32. Bf1 Qc6 33.
Re1 Qxd7 34. Rd5 Rxf2 35. Kxf2 Qa7+ 36. Kf3 Qa8 37. Bc4 Nxd6 38. Bb3 Nf5
39. Red1 Nd4+ 40. R1xd4 Bxd4 41. Ke4 Bf6 42. Qd1 Rb8 43. Kf3 Rxb3 44. Qxb3
c2 0-1

[Event "Amber Rapidplay"]
[Site "Monaco MNC"]
[Date "2002.03.23"]
[Round "7"]
[White "Leko,P"]
[Black "Van Wely,L"]
[Result "1-0"]
[WhiteElo "2713"]
[BlackElo "2697"]
[EventDate "2002.03.16"]

1. e4 c5 2. Nf3 d6 3. d4 cxd4 4. Nxd4 Nf6 5. Nc3 a6 6. Be2 e6 7. Be3 Qc7 8.
Qd2 b5 9. a3 Bb7 10. f3 Be7 11. O-O-O O-O 12. g4 Nc6 13. g5 Nd7 14. Rhg1
Na5 15. f4 Rfc8 16. Kb1 Nb6 17. Qe1 Nac4 18. Bxc4 Nxc4 19. Rd3 g6 20. Bc1
Rab8 21. h4 Ba8 22. h5 b4 23. axb4 Rxb4 24. hxg6 fxg6 25. b3 Na5 26. Bb2 e5
27. Nd5 Bxd5 28. Qxb4 Bc4 29. bxc4 exd4 30. Rxd4 Bf8 31. Rd5 Nxc4 32. Qc3
Qb6 33. Qh8+ Kf7 34. Rg3 Nxb2 35. Qxb2 Qc7 36. Rb3 Be7 37. f5 Qc4 38. f6
Bf8 39. Rb7+ Ke6 40. Rd4 Qc3 41. Qxc3 Rxc3 42. Rb8 Kf7 43. Rdb4 1-0

[Event "Amber Rapidplay"]
[Site "Monaco MNC"]
[Date "2002.03.24"]
[Round "8"]
[White "Piket,Je"]
[Black "Leko,P"]
[Result "0-1"]
[WhiteElo "2659"]
[BlackElo "2713"]
[EventDate "2002.03.16"]

1. d4 Nf6 2. c4 e6 3. Nf3 b6 4. g3 Ba6 5. Qb3 Nc6 6. Nbd2 d5 7. Qa4 Bb7 8.
Bg2 Qd7 9. O-O Bd6 10. Qc2 Nb4 11. Qd1 c5 12. cxd5 exd5 13. b3 O-O 14. Bb2
Be7 15. Ne5 Qe6 16. dxc5 bxc5 17. a3 Na6 18. Rc1 Rab8 19. e3 Rfd8 20. Qc2
Bd6 21. Nd3 Ne4 22. Rfd1 f5 23. Nf3 Bf8 24. Nf4 Qe8 25. h4 Ba8 26. Ng5 Rb6
27. Rd3 Nc7 28. Rcd1 Rdb8 29. Ba1 h6 30. Nf3 Bd6 31. Nxd5 Nxd5 32. Rxd5
Bxd5 33. Rxd5 Rxb3 34. Rd1 Kh8 35. Kh2 Rxa3 36. Ng1 Bf8 37. Nh3 Qa4 38.
Qxa4 Rxa4 39. Be5 Re8 40. Rd5 Ra2 41. Bxe4 fxe4 42. Kg2 c4 43. Nf4 Kg8 44.
h5 Rc8 45. Rd7 c3 46. Ne6 c2 47. Nxf8 Kxf8 0-1

[Event "Amber Rapidplay"]
[Site "Monaco MNC"]
[Date "2002.03.26"]
[Round "9"]
[White "Gelfand,B"]
[Black "Bareev,E"]
[Result "1/2-1/2"]
[WhiteElo "2703"]
[BlackElo "2707"]
[EventDate "2002.03.16"]

1. d4 d5 2. c4 c6 3. Nc3 Nf6 4. Nf3 dxc4 5. a4 Bf5 6. Ne5 e6 7. f3 Bb4 8.
e4 Bxe4 9. fxe4 Nxe4 10. Bd2 Qxd4 11. Nxe4 Qxe4+ 12. Qe2 Bxd2+ 13. Kxd2
Qd5+ 14. Kc2 Na6 15. Nxc4 O-O 16. Qf3 Qc5 17. Kb1 Nb4 18. Be2 Rad8 19. Rc1
Rd4 20. Ra3 Rfd8 21. a5 Qg5 22. Rb3 Qg6+ 23. Ka1 Qg5 24. Qe3 Qb5 25. Qc3 c5
26. Kb1 Qc6 27. Qf3 Qc7 28. Na3 Qe5 29. Re3 Qg5 30. Nc2 Nxc2 31. Rxc2 b6
32. a6 Qg6 33. Qg3 Qf5 34. Qe5 Qf2 35. Bd3 Qf4 36. Qxf4 Rxf4 37. Re4 Rf5
38. Bb5 Kf8 39. b4 Rdd5 40. Bc6 Rd6 41. Bb7 Ke7 42. g4 Rf1+ 43. Kb2 cxb4
44. Rxb4 Rfd1 45. Rbc4 R1d2 46. Rxd2 Rxd2+ 47. Kc3 Rd1 48. Kb4 Rb1+ 49. Ka3
Ra1+ 50. Kb2 Rd1 51. Rc8 Rd8 52. Rxd8 Kxd8 53. Kc3 Kc7 54. Kd4 Kd6 55. g5
h6 56. gxh6 gxh6 57. Ke4 f6 58. Kd4 Kc7 59. Ke4 Kd6 60. Kf4 b5 61. Ke4 f5+
62. Kd3 e5 63. Bc8 f4 64. Bg4 Kc5 65. Ke4 Kd6 66. Bd1 b4 67. Bb3 Kc5 68. h3
Kb6 69. Kxe5 Kxa6 70. Kxf4 Kb5 71. Ke3 a5 72. Kd4 1/2-1/2

[Event "Amber Rapidplay"]
[Site "Monaco MNC"]
[Date "2002.03.27"]
[Round "10"]
[White "Van Wely,L"]
[Black "Gelfand,B"]
[Result "1-0"]
[WhiteElo "2697"]
[BlackElo "2703"]
[EventDate "2002.03.16"]

1. d4 Nf6 2. c4 e6 3. Nf3 b6 4. a3 Ba6 5. Qc2 Bb7 6. Nc3 c5 7. e4 cxd4 8.
Nxd4 Bc5 9. Nb3 Nc6 10. Bg5 Nd4 11. Nxd4 Bxd4 12. Bd3 Qb8 13. O-O-O h6 14.
Bxf6 Bxf6 15. g3 O-O 16. f4 a6 17. e5 Bxh1 18. exf6 Bc6 19. Qe2 Qd8 20.
fxg7 Kxg7 21. g4 Qf6 22. Qe3 e5 23. Rf1 exf4 24. Rxf4 Rae8 25. Ne4 Qe5 26.
Kb1 Re6 27. Rf5 Qxe4 28. Bxe4 Bxe4+ 29. Ka1 Bxf5 30. Qd4+ Kg6 31. gxf5+
Kxf5 32. Qxd7 Kg6 33. Qd5 Rfe8 34. Qg2+ Kh7 35. Qg4 a5 36. Ka2 Re5 37. Qf4
f5 38. Kb3 Re3+ 39. Ka4 Kg6 40. Kb5 R8e4 41. Qb8 Re6 42. Qg8+ Kh5 43. b4
axb4 44. axb4 f4 45. h3 R6e5+ 46. Kxb6 Rxh3 47. c5 Rg3 48. Qf7+ Rg6+ 49. c6
Kg5 50. b5 Rf5 51. Qe7+ Rgf6 52. Ka5 f3 53. Qe3+ Kh5 54. c7 Rf8 55. Qf2 Rc8
56. Ka6 Rxc7 57. Qh2+ Kg6 58. Qg3+ Kh5 59. Qxc7 f2 60. Qh2+ Kg4 61. Qg2+
Kh4 62. Qf1 Kg3 63. b6 Re5 64. b7 Re8 65. Ka7 h5 66. b8=Q+ Rxb8 67. Kxb8 h4
68. Kc7 Kf3 69. Kd6 h3 70. Ke5 Ke3 71. Kf5 Kf3 72. Kg5 Kg3 73. Qh1 h2 74.
Kh5 Kf4 75. Kh4 1-0

[Event "Amber Blindfold"]
[Site "Monaco MNC"]
[Date "2002.03.27"]
[Round "10"]
[White "Topalov,V"]
[Black "Piket,Je"]
[Result "0-1"]
[WhiteElo "2739"]
[BlackElo "2659"]
[EventDate "2002.03.16"]

1. c4 g6 2. d4 Bg7 3. e4 d6 4. Nf3 e5 5. Nc3 Bg4 6. d5 a5 7. Be2 Na6 8. O-O
Bxf3 9. Bxf3 Kf8 10. a3 h5 11. Rb1 Bh6 12. b4 Nf6 13. Bxh6+ Rxh6 14. Na4
axb4 15. axb4 Kg7 16. c5 Rh8 17. c6 bxc6 18. dxc6 Qe7 19. b5 Nc5 20. Nxc5
dxc5 21. Qc2 Rhd8 22. Rfc1 Rd6 23. h4 Ra3 24. Rb3 Rxb3 25. Qxb3 Rd4 26. b6
Rb4 27. bxc7 Qxc7 28. Qc3 Nxe4 29. Bxe4 Rxe4 30. Qxc5 Rxh4 31. Rd1 Ra4 32.
g3 Ra5 33. Qc4 Ra7 34. Rd7 Qxd7 35. cxd7 Rxd7 36. Qc5 f6 37. Qc6 Ra7 38.
Qe6 Rf7 39. f4 exf4 40. gxf4 Ra7 41. f5 gxf5 42. Qxf5 Re7 43. Qxh5 Re5 44.
Qh4 Rg5+ 45. Kf2 Re5 46. Kf3 Rf5+ 47. Ke4 Re5+ 48. Kf4 Rg5 49. Qh3 Re5 50.
Qc8 Rg5 51. Qd7+ Kg6 52. Qe8+ Kg7 53. Qe7+ Kg6 54. Qf8 Rf5+ 55. Ke4 Re5+
56. Kd4 Rg5 57. Qg8+ Kh6 58. Qf7 Rf5 59. Ke4 Re5+ 60. Kd4 Rf5 61. Qf8+ Kg6
62. Qg8+ Kh6 63. Qf7 Rf4+ 64. Kd5 Rf5+ 65. Kd6 Rg5 66. Qg7+ Rxg7 0-1

Event "Amber Rapidplay"]
[Site "Monaco MNC"]
[Date "2002.03.28"]
[Round "11"]
[White "Almasi,Z"]
[Black "Ljubojevic,L"]
[Result "1-0"]
[WhiteElo "2644"]
[BlackElo "2548"]
[EventDate "2002.03.16"]

1. e4 e5 2. Nf3 Nc6 3. Bb5 a6 4. Ba4 Nf6 5. O-O Be7 6. Re1 b5 7. Bb3 d6 8.
c3 O-O 9. h3 Na5 10. Bc2 c5 11. d4 Qc7 12. Nbd2 cxd4 13. cxd4 Rd8 14. a3
Bd7 15. Nf1 Rac8 16. Ne3 exd4 17. Nxd4 Bf8 18. Bd2 Re8 19. Qf3 Nc6 20. Bc3
Ne5 21. Qg3 Ng6 22. f3 Qb6 23. Qf2 a5 24. Qd2 d5 25. Bxa5 Qa7 26. exd5 Rxe3
27. Rxe3 Nxd5 28. Ree1 Rxc2 29. Qxc2 Qxa5 30. Rad1 Qb6 31. b4 Ngf4 32. Kh1
g6 33. Re4 Qf6 34. Ne2 Nxe2 35. Rxe2 Be6 36. Qb2 Qh4 37. Qd4 Nf4 38. Qf2
Qg5 39. Red2 Be7 40. Rd4 Bf6 41. Re4 Nh5 42. g4 Nf4 43. h4 Qh6 44. Qh2 Nd5
45. g5 Qh5 46. Qb8+ Kg7 47. gxf6+ Nxf6 48. Re3 Qxh4+ 49. Qh2 Qg5 50. Re5
Bf5 51. Rg1 Qh6 52. Rxf5 Qe3 53. Qf4 Qe6 54. Rxf6 Qh3+ 55. Qh2 1-0